| 000 | 01092nam2a2200253 4500 | ||
|---|---|---|---|
| 001 | rc\2842482 | ||
| 005 | 20260315045912.0 | ||
| 035 | _a(NLR Aleph) 006999987 | ||
| 090 |
_a13575134 _c13575134 |
||
| 100 | _a20110630d1930 u y0rusy50 ca | ||
| 101 | 0 | _arus | |
| 102 | _aRU | ||
| 105 | _ay z ||||| | ||
| 200 | 0 | _aВып. 2 | |
| 210 | _d1930 | ||
| 215 | _a33 [3] с. | ||
| 461 | 0 |
_1001rc\2842480 _12000#$aРусский язык$eПервый курс. Вып. 1-$fРед. и руководитель курса Л. Базилевич$gВСНХ СССР. Пром. акад. Заоч. курсы$vВып. 2 _95711184 _aМосковская заочная промышленная академия _cМосква _d1930 _fРед. и руководитель курса Л. Базилевич _nПром. акад. ВСНХ СССР _oПервый курс. Вып. 1- _tРусский язык _vВып. 2 |
|
| 700 | 1 |
_aСтаниславлев _bН. |
|
| 701 | 1 |
_aФлиг _bЮ. |
|
| 801 | 0 |
_aRU _bNLR _gpsbo |
|
| 801 | 1 |
_aRU _bELAR _2rusmarc |
|
| 852 |
_aNLR _j30.19/285 |
||
| 942 | _cUNSPEC | ||
| 980 | _aNB | ||